Getting a PhD : (Record no. 123240)

MARC details
000 -LEADER
fixed length control field 00925nam a22002657a 4500
005 - DATE AND TIME OF LATEST TRANSACTION
control field 20170124105922.0
010 ## - LIBRARY OF CONGRESS CONTROL NUMBER
LC control number B-161073
020 ## - INTERNATIONAL STANDARD BOOK NUMBER
Terms of availability £13.99
International Standard Book Number 0415344980
020 ## - INTERNATIONAL STANDARD BOOK NUMBER
Terms of availability 0415344972
035 ## - SYSTEM CONTROL NUMBER
System control number B-161073
037 ## - SOURCE OF ACQUISITION
Source of stock number/acquisition Cen Lib/Ret
040 ## - CATALOGING SOURCE
Original cataloging agency DPL
Language of cataloging EN
082 ## - DEWEY DECIMAL CLASSIFICATION NUMBER
Classification number 378.19422
Item number FIN
100 ## - MAIN ENTRY--PERSONAL NAME
Personal name Finn, John A.
9 (RLIN) 4943
245 ## - TITLE STATEMENT
Title Getting a PhD :
Statement of responsibility, etc by John A. Finn
Remainder of title an action to help manage your research, your supervisor and your project /
260 ## - PUBLICATION, DISTRIBUTION, ETC. (IMPRINT)
Place of publication, distribution, etc London
Name of publisher, distributor, etc Routledge
Date of publication, distribution, etc 2005
270 ## - ADDRESS
Address 2 Park Square, Milton Park, Abingdon, Oxon
City London
300 ## - PHYSICAL DESCRIPTION
Extent xi,191p.:
Dimensions 22cm(pbk)
Other physical details ill.
500 ## - GENERAL NOTE
General note Includes bibliographical references and index
650 ## - SUBJECT ADDED ENTRY--TOPICAL TERM
Topical term or geographic name as entry element Education
9 (RLIN) 1169
650 ## - SUBJECT ADDED ENTRY--TOPICAL TERM
Topical term or geographic name as entry element Education, Higher--Research
9 (RLIN) 4944
650 ## - SUBJECT ADDED ENTRY--TOPICAL TERM
Topical term or geographic name as entry element शिक्षा
9 (RLIN) 62561
650 ## - SUBJECT ADDED ENTRY--TOPICAL TERM
Topical term or geographic name as entry element शिक्षा, हायर - अनुसंधान
9 (RLIN) 62562
942 ## - ADDED ENTRY ELEMENTS (KOHA)
Source of classification or shelving scheme Dewey Decimal Classification
Koha item type English Books
Classification part 378.19422
Call number suffix FIN
Holdings
Withdrawn status Lost status Damaged status Not for loan Home library Current library Date acquired Source of acquisition Cost, normal purchase price Total Checkouts Total Renewals Full call number Barcode Date last seen Date checked out Copy number Cost, replacement price Price effective from Koha item type
        Central Library Central Library 04/06/2015 Cen Lib/Ret 0.00 4 2 378.19422 B-161073 07/12/2024 30/11/2024 1 0.00 04/06/2015 English Books

© Delhi Public Library
Hit Counter
free hit counter